| 000 | 01071cam a2200289K 4500 | ||
|---|---|---|---|
| 001 | 50082 | ||
| 003 | BD-RjUL | ||
| 005 | 20211209075444.0 | ||
| 008 | 160823s1959 nyu o 000 0 eng d | ||
| 020 | _a0130074357 | ||
| 035 | _aBD-RjUL50202 | ||
| 035 | _a(OCoLC)578105066 | ||
| 040 |
_aOCLCE _beng _cOCLCE _dOCLCQ |
||
| 041 | _aeng | ||
| 082 | 0 | 4 |
_a371.2 _bGRA 1959 |
| 100 | 1 |
_aGriffiths, Daniel Edward, _d1917- _9150106 |
|
| 245 | 1 | 0 |
_aAdministrative theory / _cDaniel Edward Griffiths |
| 260 |
_aNew York : _bAppleton-Century-Crofts, _c[1959] |
||
| 300 |
_a123 p. ; _c23 cm. |
||
| 490 | 0 | _aCurrent problems in education | |
| 506 |
_3Use copy _fRestrictions unspecified _2star _5MiAaHDL |
||
| 650 | 0 |
_aSchool management and organization. _9150107 |
|
| 776 | 0 | 8 |
_iPrint version: _aGriffiths, Daniel Edward, 1917- _tAdministrative theory. _dNew York, Appleton-Century-Crofts [1959] _w(DLC) 59011995 _w(OCoLC)186539 |
| 856 | 4 | 0 |
_3HathiTrust Digital Library _uhttp://catalog.hathitrust.org/api/volumes/oclc/186539.html |
| 942 |
_2ddc _cBK |
||
| 999 |
_c50082 _d50082 |
||